The life of Alexander the Great

Đã lưu trong:
Sonraí Bibleagrafaíochta
Príomhúdar: Arrian
Formáid: Leabhar
Teanga:Undetermined
Foilsithe: Baltimore Penguin Books 1958
Ábhair:
Clibeanna: Cuir Clib Leis
Gan Chlibeanna, Bí ar an gcéad duine leis an taifead seo a chlibeáil!
Thư viện lưu trữ: Trung tâm Học liệu Trường Đại học Cần Thơ
LEADER 00623nam a2200205Ia 4500
001 CTU_109345
008 210402s9999 xx 000 0 und d
082 |a 938.07092 
082 |b A775 
100 |a Arrian 
245 4 |a The life of Alexander the Great 
245 0 |c Arrian ; Translated by Aubrey de Sélincourt 
260 |a Baltimore 
260 |b Penguin Books 
260 |c 1958 
650 |a Alexander, the great,Greece 
650 |x Kings and rulers,Biography,Juvenile literature 
650 |y 356-323 B.C.A 
904 |i Minh, Q. Hiếu (sửa) 
980 |a Trung tâm Học liệu Trường Đại học Cần Thơ